<The> OECD jobs study facts, analysis, strategies
Salvato in:
| Natura: | Libro |
|---|---|
| Lingua: | inglese |
| Pubblicazione: |
Paris
OECD
1994
|
| Soggetti: | |
| Tags: |
Nessun Tag, puoi essere il primo ad aggiungerne!!
|
MARC
| LEADER | 00000nam a2200000 4500 | ||
|---|---|---|---|
| 001 | c120047 | ||
| 005 | 20221123112615.4 | ||
| 020 | |a 92-64-14145-6 | ||
| 041 | 0 | |a eng | |
| 044 | |a FR | ||
| 245 | 1 | 0 | |a <The> OECD jobs study |b facts, analysis, strategies |
| 264 | 1 | |a Paris |b OECD |c 1994 | |
| 300 | |a 50 s. | ||
| 610 | 2 | 0 | |a práca |
| 610 | 2 | 0 | |a zamestnanci |
| 610 | 2 | 0 | |a zamestnanosť |
| 610 | 2 | 0 | |a politika zamestnanosti |
| 610 | 2 | 0 | |a trh práce |
| 610 | 2 | 0 | |a podpory v nezamestnanosti |
| 610 | 2 | 0 | |a čas pracovný pohyblivý |
| 610 | 2 | 0 | |a OECD |